[Event "Europa ch 2012 femenino"]
[Site "Gaziantep TUR"]
[Date "2012.03.10"]
[Round "8.43"]
[White "Bulmaga, Irina"]
[Black "Repkova, Eva"]
[Result "1-0"]
[WhiteElo "2307"]
[BlackElo "2416"]
[PlyCount "79"]
[EventDate "2012.03.02"]
[EventType "swiss"]
[EventRounds "11"]
[EventCountry "TUR"]
[Source "lmi"]
[SourceDate "2012.03.02"]

1. e4 e6 2. d4 d5 3. Nc3 Nf6 4. e5 Nfd7 5. f4 c5 6. Nf3 Nc6 7. Be3 a6 8. Qd2 b5
9. Be2 Qb6 10. Nd1 b4 11. O-O a5 12. Bf2 cxd4 13. Nxd4 Bc5 14. c3 Ba6 15. Bxa6
Rxa6 16. Nxc6 Qxc6 17. Rc1 Qb5 18. cxb4 axb4 19. Bxc5 Nxc5 20. f5 O-O 21. f6
Ne4 22. Qf4 g5 23. Qg4 Qb8 24. Nf2 Qxe5 25. Nxe4 Qxe4 26. Qxg5+ Qg6 27. Qh4 e5
28. Rce1 Kh8 29. Re3 Rg8 30. Rg3 Qe4 31. Rxg8+ Kxg8 32. Qg5+ Qg6 33. Qxe5 h6
34. Qxd5 Re6 35. Qd2 Re4 36. h3 Rc4 37. Rf4 Qb1+ 38. Kh2 Rxf4 39. Qxf4 Qxa2 40.
Qg3+ 1-0

[Event "Europa ch 2012 femenino"]
[Site "Gaziantep TUR"]
[Date "2012.03.10"]
[Round "8.48"]
[White "Videnova, Iva"]
[Black "Charochkina, Daria"]
[Result "0-1"]
[WhiteElo "2301"]
[BlackElo "2371"]
[PlyCount "120"]
[EventDate "2012.03.02"]
[EventType "swiss"]
[EventRounds "11"]
[EventCountry "TUR"]
[Source "lmi"]
[SourceDate "2012.03.02"]

1. e4 c5 2. Nf3 d6 3. d4 cxd4 4. Nxd4 Nf6 5. Nc3 Nc6 6. Bg5 e6 7. Qd2 Be7 8.
O-O-O O-O 9. f4 Nxd4 10. Qxd4 Qa5 11. Bc4 b5 12. Bxb5 Rb8 13. e5 dxe5 14. fxe5
Rxb5 15. exf6 Rb4 16. Qe3 Bc5 17. Qg3 Bf2 18. Qxf2 Qxg5+ 19. Rd2 gxf6 20. Kb1
Ba6 21. a3 Rc4 22. Rd3 Rg4 23. Rd2 Bb7 24. Rg1 a5 25. g3 Kg7 26. Rd7 Ba8 27.
Rc7 Rd8 28. Qa7 Qh5 29. h3 Rgd4 30. g4 Qg6 31. Qxa5 Rd2 32. Rc1 Bg2 33. b4 Bxh3
34. b5 Bxg4 35. b6 Bf5 36. Nb5 Rd1 37. Qc3 Qg5 38. Rxd1 Rxd1+ 39. Ka2 Bxc2 40.
Rc5 Ra1+ 41. Qxa1 Qxc5 42. Qb2 Qxb6 43. Qxc2 Qxb5 44. a4 Qa5 45. Qb3 h5 46.
Qg3+ Qg5 47. Qxg5+ fxg5 48. a5 g4 49. a6 g3 50. a7 g2 51. a8=Q g1=Q 52. Qf3 h4
53. Qc3+ Kg6 54. Qd3+ f5 55. Qd8 Qf2+ 56. Ka1 Qe1+ 57. Kb2 h3 58. Qg8+ Kh5 59.
Ka2 Qe2+ 60. Ka1 Qf1+ 0-1

[Event "Europa ch 2012 femenino"]
[Site "Gaziantep TUR"]
[Date "2012.03.10"]
[Round "8.50"]
[White "Muzychuk, Mariya"]
[Black "Kharmunova, Nadejda"]
[Result "1-0"]
[WhiteElo "2490"]
[BlackElo "2191"]
[PlyCount "193"]
[EventDate "2012.03.02"]
[EventType "swiss"]
[EventRounds "11"]
[EventCountry "TUR"]
[Source "lmi"]
[SourceDate "2012.03.02"]

1. e4 c6 2. d4 d5 3. Nc3 dxe4 4. Nxe4 Bf5 5. Ng3 Bg6 6. N1e2 Nf6 7. Nf4 Nbd7 8.
Bc4 e6 9. h4 Bd6 10. h5 Bf5 11. Nxf5 Qa5+ 12. c3 Qxf5 13. Bd3 Qa5 14. h6 g6 15.
Nh3 Qd5 16. O-O e5 17. dxe5 Nxe5 18. Be2 O-O-O 19. Qxd5 Nxd5 20. f4 Nd7 21. Ng5
Rdf8 22. Bc4 f6 23. Ne4 Bc7 24. Bd2 Re8 25. Rae1 f5 26. Ng5 N7f6 27. g3 Ng4 28.
Bxd5 cxd5 29. Rxe8+ Rxe8 30. Re1 Bb6+ 31. Kf1 Kd7 32. Rxe8 Kxe8 33. Nxh7 Bd8
34. Ke2 Nxh6 35. Kd3 Kf7 36. Kd4 Ke6 37. Nf8+ Kd6 38. Nxg6 Ng4 39. Kd3 Bb6 40.
Nh4 Ke6 41. Be1 a6 42. Nf3 Nf2+ 43. Ke2 Ne4 44. Ne5 Bc7 45. Nd3 Kd6 46. Kf3 Nf6
47. Bf2 b6 48. Bd4 Ng4 49. Ne5 Nh6 50. g4 fxg4+ 51. Nxg4 Nxg4 52. Kxg4 Ke6 53.
Kg5 b5 54. Be3 Kf7 55. b3 Bd6 56. Bd4 Bc7 57. Kf5 Bd6 58. Be5 Be7 59. Bh8 Bd6
60. Kg4 Ba3 61. Bd4 Bd6 62. f5 Bc7 63. Kf3 Bd6 64. Ke3 Ba3 65. Be5 Bc5+ 66. Kf4
Ba3 67. Ke3 Bc5+ 68. Kd3 Bb6 69. c4 dxc4+ 70. bxc4 Bc5 71. Ke4 bxc4 72. Kd5 Be7
73. Kxc4 Ke8 74. Bd4 Kd7 75. Bc5 Bf6 76. Kd5 Bh4 77. Bb6 Bf6 78. a4 Bg5 79. Bd4
Bh4 80. Kc5 Bd8 81. Bc3 Bc7 82. Bf6 Ba5 83. Bg5 Bc7 84. Kd5 Ba5 85. f6 Bb4 86.
f7 Bf8 87. Ke5 Bg7+ 88. Bf6 Bf8 89. Kf5 Bb4 90. Bg5 Bc5 91. Kf6 Bb4 92. Kg7 Ke6
93. Kg8 Bc5 94. Bh6 Bb4 95. Bf8 Bd2 96. Bc5 Bh6 97. Bd4 1-0

[Event "Europa ch 2012 femenino"]
[Site "Gaziantep TUR"]
[Date "2012.03.11"]
[Round "9.1"]
[White "Muzychuk, Anna"]
[Black "Foisor, Cristina-Adela"]
[Result "1-0"]
[WhiteElo "2583"]
[BlackElo "2398"]
[PlyCount "158"]
[EventDate "2012.03.02"]
[EventType "swiss"]
[EventRounds "11"]
[EventCountry "TUR"]
[Source "lmi"]
[SourceDate "2012.03.02"]

1. e4 e5 2. Nf3 Nc6 3. d4 exd4 4. Nxd4 Nf6 5. Nxc6 bxc6 6. e5 Qe7 7. Qe2 Nd5 8.
c4 Ba6 9. b3 g6 10. Ba3 Nb4 11. Bb2 Bg7 12. a3 Nd5 13. Nd2 Nf4 14. Qe3 g5 15.
h4 h6 16. hxg5 hxg5 17. Rxh8+ Bxh8 18. O-O-O Bb7 19. Ne4 Ne6 20. c5 O-O-O 21.
g3 Bg7 22. Nd6+ Kb8 23. Nf5 Qf8 24. b4 Bh8 25. Bc4 Bc8 26. Qf3 Re8 27. Ne3 a5
28. Ng4 a4 29. Kb1 Bg7 30. Qf5 Nxc5 31. Qxg5 Ne4 32. Qf4 d5 33. Be2 Qe7 34. f3
Ng5 35. Bd3 Nh3 36. Qd4 Ng5 37. Rf1 Ne6 38. Qc3 Nd8 39. Nf6 Bxf6 40. exf6 Qe3
41. g4 Ne6 42. Bc2 Qxc3 43. Bxc3 Ba6 44. Re1 Bc4 45. g5 d4 46. Bxd4 Rh8 47. Be3
Rh3 48. f4 Rg3 49. Bxa4 Kb7 50. Bc2 Bd5 51. Kb2 Rg4 52. g6 fxg6 53. f7 Nf8 54.
Bc5 Rxf4 55. Bxf8 Rxf7 56. Bc5 g5 57. Rg1 Rg7 58. Bd4 Rg8 59. Bh7 Re8 60. Rxg5
Re2+ 61. Kc1 Re1+ 62. Kd2 Rh1 63. Bc2 Rh2+ 64. Kc1 Rh1+ 65. Kb2 Rh2 66. Re5 Bf7
67. Kc3 Rh3+ 68. Re3 Rh1 69. Be4 Rc1+ 70. Kd2 Rc4 71. Bc5 Bd5 72. Bxd5 cxd5 73.
Rd3 Kc6 74. Rd4 Kb5 75. Rxc4 Kxc4 76. a4 d4 77. Bf8 d3 78. Be7 Kd4 79. a5 Kd5
1-0

[Event "Europa ch 2012 femenino"]
[Site "Gaziantep TUR"]
[Date "2012.03.11"]
[Round "9.2"]
[White "Gunina, Valentina"]
[Black "Kosintseva, Tatiana"]
[Result "1/2-1/2"]
[WhiteElo "2511"]
[BlackElo "2513"]
[PlyCount "28"]
[EventDate "2012.03.02"]
[EventType "swiss"]
[EventRounds "11"]
[EventCountry "TUR"]
[Source "lmi"]
[SourceDate "2012.03.02"]

1. d4 Nf6 2. Nf3 d5 3. c4 e6 4. Nc3 Bb4 5. cxd5 exd5 6. Bg5 h6 7. Bxf6 Qxf6 8.
Qb3 Qb6 9. a3 Ba5 10. Qc2 Bf5 11. Qa4+ Bd7 12. Qc2 Bf5 13. Qa4+ Bd7 14. Qc2 Bf5
1/2-1/2

[Event "Europa ch 2012 femenino"]
[Site "Gaziantep TUR"]
[Date "2012.03.11"]
[Round "9.3"]
[White "Khurtsidze, Nino"]
[Black "Cmilyte, Viktorija"]
[Result "0-1"]
[WhiteElo "2447"]
[BlackElo "2497"]
[PlyCount "98"]
[EventDate "2012.03.02"]
[EventType "swiss"]
[EventRounds "11"]
[EventCountry "TUR"]
[Source "lmi"]
[SourceDate "2012.03.02"]

1. d4 Nf6 2. c4 c5 3. d5 b5 4. cxb5 a6 5. b6 Qxb6 6. Nc3 d6 7. e4 g6 8. Be2 Bg7
9. Nf3 O-O 10. Nd2 Nbd7 11. a4 Rb8 12. Nc4 Qd8 13. O-O Ne8 14. Bf4 Rb4 15. Qd2
Nb6 16. Na5 Bd7 17. Qc2 Nxd5 18. Nxd5 Rxb2 19. Qd3 e6 20. Nc4 Rxe2 21. Nc3 Bxc3
22. Qxc3 Rxe4 23. Bh6 Rd4 24. Bxf8 Kxf8 25. Rfb1 Bc6 26. a5 Qg5 27. Ne3 Nf6 28.
Rb6 Nd5 29. h4 Qe5 30. Nxd5 Bxd5 31. Re1 Qf4 32. Rxa6 Qxh4 33. Qg3 Qxg3 34.
fxg3 Rd2 35. Rxd6 Rxg2+ 36. Kf1 Ra2 37. a6 Bc4+ 38. Kg1 Bxa6 39. Rb1 Bc4 40.
Rc1 Bd5 41. Rxc5 Rg2+ 42. Kf1 Rxg3 43. Rc7 h5 44. Rdd7 Rf3+ 45. Kg1 Kg7 46. Kh2
h4 47. Rd8 g5 48. Rcc8 Rf1 49. Kh3 Bf3 0-1

[Event "Europa ch 2012 femenino"]
[Site "Gaziantep TUR"]
[Date "2012.03.11"]
[Round "9.6"]
[White "Kovanova, Baira"]
[Black "Khotenashvili, Bela"]
[Result "1/2-1/2"]
[WhiteElo "2392"]
[BlackElo "2490"]
[PlyCount "83"]
[EventDate "2012.03.02"]
[EventType "swiss"]
[EventRounds "11"]
[EventCountry "TUR"]
[Source "lmi"]
[SourceDate "2012.03.02"]

1. e4 c5 2. Nf3 e6 3. d3 Nc6 4. g3 g6 5. Bg2 Bg7 6. O-O Nge7 7. c3 d5 8. Qe2
O-O 9. e5 b5 10. Bf4 b4 11. c4 Nf5 12. Nbd2 Ncd4 13. Qd1 Bb7 14. g4 Nxf3+ 15.
Nxf3 Ne7 16. Qe2 Nc6 17. Rad1 Re8 18. Rfe1 Qb6 19. Qe3 b3 20. axb3 Nd4 21. Nxd4
cxd4 22. Qd2 Qxb3 23. cxd5 Bxd5 24. Bxd5 Qxd5 25. Re4 a5 26. Ra1 a4 27. Qb4
Red8 28. Rxa4 Bf8 29. Qc4 Rxa4 30. Qxa4 Qb7 31. Bg5 Rc8 32. Kg2 h6 33. Bf6 Qxb2
34. Qxd4 Qb1 35. Re2 Qd1 36. Qe4 Rc1 37. Kg3 g5 38. Ra2 Qg1+ 39. Qg2 Qd1 40.
Qe4 Qg1+ 41. Qg2 Qd1 42. Qe4 1/2-1/2

[Event "Europa ch 2012 femenino"]
[Site "Gaziantep TUR"]
[Date "2012.03.11"]
[Round "9.7"]
[White "Danielian, Elina"]
[Black "Hoang Thanh Trang"]
[Result "1/2-1/2"]
[WhiteElo "2478"]
[BlackElo "2438"]
[PlyCount "112"]
[EventDate "2012.03.02"]
[EventType "swiss"]
[EventRounds "11"]
[EventCountry "TUR"]
[Source "lmi"]
[SourceDate "2012.03.02"]

1. d4 f5 2. g3 Nf6 3. Bg2 g6 4. Nf3 Bg7 5. O-O O-O 6. b3 Ne4 7. Bb2 d5 8. c4 c6
9. Qc2 Be6 10. Ne5 Nd7 11. Nd3 Rc8 12. f3 Nef6 13. c5 g5 14. Nd2 Qe8 15. e3 Qg6
16. Ne5 Qh6 17. Rfe1 g4 18. f4 Ne4 19. b4 Nxd2 20. Qxd2 Nf6 21. b5 Ne4 22. Qa5
Bxe5 23. dxe5 cxb5 24. Qxa7 Rc7 25. Bd4 Bd7 26. Rec1 Qa6 27. Qxa6 bxa6 28. Rc2
Rfc8 29. Rac1 e6 30. Bf1 a5 31. a3 Kf7 32. Bd3 b4 33. axb4 axb4 34. Bxe4 dxe4
35. Rb2 Rb7 36. Rcb1 Rcb8 37. Ra1 Bc6 38. Kf2 Bd5 39. Ke1 b3 40. Kd2 h5 41. Ra6
h4 42. Rb6 Rxb6 43. cxb6 hxg3 44. hxg3 Ke7 45. Kc3 Rh8 46. b7 Bxb7 47. Rxb3 Bd5
48. Rb1 Rh2 49. Rg1 Kd7 50. Bc5 Kc6 51. Bd4 Ra2 52. Kb4 Rc2 53. Bc3 Ba2 54. Bd4
Kd5 55. Bc3 Bc4 56. Ra1 Ra2 1/2-1/2

[Event "Europa ch 2012 femenino"]
[Site "Gaziantep TUR"]
[Date "2012.03.11"]
[Round "9.8"]
[White "Dzagnidze, Nana"]
[Black "Guramishvili, Sopiko"]
[Result "1-0"]
[WhiteElo "2559"]
[BlackElo "2395"]
[PlyCount "63"]
[EventDate "2012.03.02"]
[EventType "swiss"]
[EventRounds "11"]
[EventCountry "TUR"]
[Source "lmi"]
[SourceDate "2012.03.02"]

1. c4 Nf6 2. Nc3 e5 3. g3 Nc6 4. Bg2 g6 5. Rb1 a5 6. d3 Bg7 7. a3 O-O 8. e3 Re8
9. Nge2 Ne7 10. e4 c6 11. O-O d5 12. exd5 cxd5 13. Bg5 d4 14. Na4 Qc7 15. b4
axb4 16. Bxf6 Bxf6 17. axb4 Bg4 18. Re1 Bg7 19. c5 Nc8 20. h3 Bd7 21. b5 e4 22.
c6 exd3 23. cxd7 Qxd7 24. Nc5 dxe2 25. Rxe2 Rxe2 26. Nxd7 Raa2 27. Bxb7 Nd6 28.
Bd5 Rad2 29. Qa4 d3 30. b6 Rb2 31. Rxb2 Bxb2 32. b7 1-0

[Event "Europa ch 2012 femenino"]
[Site "Gaziantep TUR"]
[Date "2012.03.11"]
[Round "9.12"]
[White "Paehtz, Elisabeth"]
[Black "Bulmaga, Irina"]
[Result "1-0"]
[WhiteElo "2459"]
[BlackElo "2307"]
[PlyCount "111"]
[EventDate "2012.03.02"]
[EventType "swiss"]
[EventRounds "11"]
[EventCountry "TUR"]
[Source "lmi"]
[SourceDate "2012.03.02"]

1. e4 c6 2. d4 d5 3. Nc3 dxe4 4. Nxe4 Bf5 5. Ng3 Bg6 6. Nh3 e6 7. Bc4 Bd6 8.
Nf4 Qh4 9. Ngh5 Bxh5 10. Qxh5 Qxh5 11. Nxh5 g6 12. Ng3 Nf6 13. f3 Nbd7 14. Ne4
Nxe4 15. fxe4 e5 16. c3 h6 17. O-O Rh7 18. Bd2 a5 19. a4 Ke7 20. Rf3 Rb8 21.
Rh3 Rbh8 22. Rf1 Nb6 23. Bb3 Nd7 24. Rhf3 Rf8 25. h4 f6 26. Ba2 Rb8 27. d5 g5
28. Bc1 Rg7 29. h5 g4 30. Rf5 g3 31. Re1 Rh8 32. Kf1 Nc5 33. Bb1 Nxa4 34. Ke2
Nc5 35. Ref1 Nd7 36. dxc6 bxc6 37. Bc2 Kd8 38. Rd1 Kc7 39. Rf3 Bc5 40. Bb3 Bf2
41. Be6 Nc5 42. Rxf6 Nxe4 43. Rg6 Re7 44. Bf5 Ng5 45. Rdd6 Rf7 46. Rxc6+ Kb7
47. Rcf6 Rxf6 48. Rxf6 Bc5 49. Bxg5 hxg5 50. h6 g4 51. Be4+ Kb8 52. h7 Be7 53.
Rf7 Bf8 54. Kd3 Kc8 55. Kc4 Kd8 56. Ra7 1-0

[Event "Europa ch 2012 femenino"]
[Site "Gaziantep TUR"]
[Date "2012.03.11"]
[Round "9.13"]
[White "Mamedjarova, Zeinab"]
[Black "Ozturk, Hilal"]
[Result "1-0"]
[WhiteElo "2321"]
[BlackElo "1784"]
[PlyCount "51"]
[EventDate "2012.03.02"]
[EventType "swiss"]
[EventRounds "11"]
[EventCountry "TUR"]
[Source "lmi"]
[SourceDate "2012.03.02"]

1. d4 d5 2. Nf3 Nf6 3. e3 e6 4. Bd3 c5 5. c3 Nc6 6. O-O Be7 7. Nbd2 Qc7 8. Qe2
O-O 9. e4 dxe4 10. Nxe4 cxd4 11. cxd4 b6 12. Nxf6+ Bxf6 13. Bg5 Bxg5 14. Nxg5
g6 15. Rac1 Bb7 16. Qe3 Rfd8 17. Qh3 h5 18. Bxg6 fxg6 19. Qxe6+ Kg7 20. d5 Qf4
21. dxc6 Qxg5 22. cxb7 Rab8 23. Rc7+ Kh8 24. Qf7 Qh6 25. Qf6+ Kg8 26. Rc8 1-0

[Event "Europa ch 2012 femenino"]
[Site "Gaziantep TUR"]
[Date "2012.03.11"]
[Round "9.15"]
[White "Cherednichenko, Elena"]
[Black "Galojan, Lilit"]
[Result "0-1"]
[WhiteElo "2130"]
[BlackElo "2364"]
[PlyCount "90"]
[EventDate "2012.03.02"]
[EventType "swiss"]
[EventRounds "11"]
[EventCountry "TUR"]
[Source "lmi"]
[SourceDate "2012.03.02"]

1. d4 Nf6 2. Nf3 e6 3. e3 b6 4. Bd3 Bb7 5. O-O c5 6. c4 g6 7. Nc3 Bg7 8. d5
exd5 9. cxd5 Nxd5 10. Nxd5 Bxd5 11. Bxg6 hxg6 12. Qxd5 Nc6 13. Rd1 Qe7 14. Rb1
Qe6 15. a3 Rh5 16. Qxe6+ fxe6 17. e4 Nd4 18. Nxd4 Bxd4 19. b4 Rc8 20. bxc5
Rhxc5 21. Rxd4 Rxc1+ 22. Rd1 R1c3 23. Rb5 Rxa3 24. Rg5 Rd3 25. Ra1 Rdc3 26. Rf1
Kf7 27. f4 Rc1 28. h4 Rxf1+ 29. Kxf1 Rh8 30. Rg4 a5 31. Ke2 b5 32. Kd3 d6 33.
Kd4 a4 34. Kc3 Rc8+ 35. Kb2 Rc4 36. Rg5 Rxe4 37. Rxb5 Rxf4 38. h5 gxh5 39. Rxh5
Rf2+ 40. Ka3 Rxg2 41. Kxa4 Rb2 42. Ka3 Rb1 43. Rh6 d5 44. Ka2 Rb8 45. Ka3 Ke7
0-1

[Event "Europa ch 2012 femenino"]
[Site "Gaziantep TUR"]
[Date "2012.03.11"]
[Round "9.17"]
[White "Borosova, Zuzana"]
[Black "Foisor, Mihaela-Veronica"]
[Result "1-0"]
[WhiteElo "2302"]
[BlackElo "2242"]
[PlyCount "139"]
[EventDate "2012.03.02"]
[EventType "swiss"]
[EventRounds "11"]
[EventCountry "TUR"]
[Source "lmi"]
[SourceDate "2012.03.02"]

1. e4 Nf6 2. e5 Nd5 3. d4 d6 4. Nf3 dxe5 5. Nxe5 c6 6. Bc4 Nd7 7. Nxd7 Bxd7 8.
O-O Bf5 9. Bd3 Bxd3 10. Qxd3 e6 11. c4 Nf6 12. Nc3 Bd6 13. h3 O-O 14. Qf3 Qa5
15. Bd2 Qh5 16. Qxh5 Nxh5 17. Ne4 Be7 18. g4 Nf6 19. Nc3 Rfd8 20. Be3 h5 21. f3
Rd7 22. Rfd1 Rad8 23. Kg2 Ne8 24. Rd2 Nd6 25. b3 b5 26. Ne4 bxc4 27. Nxd6 Bxd6
28. bxc4 Rb7 29. Rad1 hxg4 30. hxg4 Ba3 31. f4 Rb4 32. Rc2 Ra4 33. Rb1 Be7 34.
g5 g6 35. Rb7 Bf8 36. Rc7 Ra3 37. Kf2 Bg7 38. Rd2 Ra6 39. Kf3 Ra3 40. Ke4 Ra6
41. Rb2 Ra3 42. Rbb7 c5 43. Rxf7 Rxd4+ 44. Bxd4 Bxd4 45. f5 gxf5+ 46. Kf4 Rxa2
47. Rfd7 e5+ 48. Kxf5 Rf2+ 49. Ke4 Rf4+ 50. Kd5 a5 51. Ra7 Bc3 52. Rd8+ Rf8 53.
Rxf8+ Kxf8 54. Ke4 Kg8 55. Kf5 Kf8 56. Ke4 Kg8 57. Kd3 Bb4 58. Re7 a4 59. Rxe5
Kf7 60. Re2 Kg6 61. Rg2 Ba5 62. Kc2 Bd8 63. Kb2 Bxg5 64. Ka3 Kf5 65. Rxg5+ Kxg5
66. Kxa4 Kf5 67. Kb5 Ke6 68. Kxc5 Kd7 69. Kb6 Kc8 70. Kc6 1-0

[Event "Europa ch 2012 femenino"]
[Site "Gaziantep TUR"]
[Date "2012.03.11"]
[Round "9.18"]
[White "Makropoulou, Marina"]
[Black "Videnova, Iva"]
[Result "1/2-1/2"]
[WhiteElo "2224"]
[BlackElo "2301"]
[PlyCount "134"]
[EventDate "2012.03.02"]
[EventType "swiss"]
[EventRounds "11"]
[EventCountry "TUR"]
[Source "lmi"]
[SourceDate "2012.03.02"]

1. e4 c5 2. Nf3 d6 3. d4 cxd4 4. Nxd4 Nf6 5. Nc3 g6 6. Be3 Bg7 7. Be2 Nc6 8.
O-O O-O 9. Nb3 Be6 10. f4 Qc8 11. Nd4 Nxd4 12. Bxd4 Bc4 13. Kh1 Rd8 14. Bxc4
Qxc4 15. b3 Qc6 16. Bxf6 Bxf6 17. Nd5 Re8 18. Rc1 Bb2 19. f5 e6 20. fxe6 Rxe6
21. Rb1 Bg7 22. Qf3 Rf8 23. c4 Qc5 24. Rbd1 a6 25. a4 Qa3 26. h3 Qb2 27. Qd3
Be5 28. Rf3 Qa3 29. h4 Qc5 30. h5 Kg7 31. Rdf1 Qd4 32. Qe2 Ree8 33. Nc7 Re7 34.
Nd5 Rd7 35. Rd3 Qc5 36. Qg4 Rdd8 37. Rdf3 Qc8 38. h6+ Kxh6 39. Qh4+ Kg7 40. Qe7
Qe6 41. Qxb7 Rd7 42. Qxa6 Qg4 43. Qc6 Rfd8 44. Nf6 Bxf6 45. Rxf6 Re7 46. R6f4
Qh5+ 47. Kg1 Qc5+ 48. Qxc5 dxc5 49. Re1 f5 50. Kf2 Rde8 51. Rd1 fxe4 52. Ke3 h5
53. Rd5 Rb8 54. Rxe4 Rxb3+ 55. Rd3 Rxd3+ 56. Kxd3 Ra7 57. Re5 Ra5 58. Ke4 Kf6
59. Rd5 h4 60. Kf4 Rxa4 61. Rxc5 Ra2 62. Rc6+ Kf7 63. Rc7+ Kf6 64. Rc6+ Kf7 65.
Rc7+ Kf6 66. Rc6+ Kf7 67. Rc7+ Kf6 1/2-1/2

[Event "Europa ch 2012 femenino"]
[Site "Gaziantep TUR"]
[Date "2012.03.11"]
[Round "9.20"]
[White "Olsarova, Karolina"]
[Black "Rakic, Marija"]
[Result "1/2-1/2"]
[WhiteElo "2189"]
[BlackElo "2270"]
[PlyCount "183"]
[EventDate "2012.03.02"]
[EventType "swiss"]
[EventRounds "11"]
[EventCountry "TUR"]
[Source "lmi"]
[SourceDate "2012.03.02"]

1. e4 g6 2. d4 Bg7 3. Nc3 c6 4. Nf3 d6 5. Be2 Nf6 6. a4 O-O 7. O-O Qc7 8. Be3
e5 9. dxe5 dxe5 10. h3 b6 11. Qc1 Ba6 12. Bxa6 Nxa6 13. Bh6 Nc5 14. Bxg7 Kxg7
15. Qg5 Nfd7 16. Rad1 Rfe8 17. Rd2 Nf6 18. Re1 h6 19. Qg3 a5 20. Qh2 Qe7 21.
Qg3 Ra7 22. Nh4 Kh7 23. Qe3 Rd7 24. Rxd7 Qxd7 25. Nf3 Re6 26. Rd1 Rd6 27. Rxd6
Qxd6 28. Qd2 Qe7 29. Qe3 Ne8 30. b3 Nc7 31. Qd2 N7a6 32. Nh2 Qg5 33. Qxg5 hxg5
34. Ng4 Nd7 35. Ne3 Nb4 36. Kf1 Nc5 37. Ke2 Kg7 38. f3 Kf6 39. Kd2 Ke6 40. Nc4
Nd7 41. Nd1 Na6 42. Nf2 Ke7 43. Nd3 f6 44. c3 Kd8 45. b4 Kc7 46. bxa5 bxa5 47.
Nxa5 Nac5 48. Nxc5 Nxc5 49. Nc4 Nxa4 50. Ne3 Kd6 51. Kd3 Nc5+ 52. Kc4 Nd7 53.
Kb4 Ke6 54. Nc4 Ke7 55. Na5 Kd6 56. Nb7+ Kc7 57. Nc5 Nb6 58. g3 Kd6 59. h4 gxh4
60. gxh4 Nc8 61. Nb7+ Kc7 62. Na5 Nb6 63. Nb3 Kd6 64. Nd2 Nd7 65. Nc4+ Kc7 66.
Ne3 Kd6 67. Ng4 Ke6 68. Nf2 Kd6 69. Nd3 Nb6 70. c4 Nd7 71. c5+ Kc7 72. Nf2 Kd8
73. Kc4 Nf8 74. Nd3 Ne6 75. Nb4 Kd7 76. Nd3 Kc7 77. Kb4 Kb7 78. Kc4 Kc7 79. Kb4
Kd7 80. Ka5 Kc7 81. Ka6 Nd4 82. f4 Nf3 83. fxe5 fxe5 84. Ka5 Nxh4 85. Nxe5 g5
86. Ng4 Ng6 87. Kb4 Kd7 88. Ka5 Kc7 89. Kb4 Kd7 90. Ka5 Kc7 91. Kb4 Kd7 92. Ka5
1/2-1/2

[Event "Europa ch 2012 femenino"]
[Site "Gaziantep TUR"]
[Date "2012.03.11"]
[Round "9.21"]
[White "Chelushkina, Irina"]
[Black "Kineva, Ekaterina"]
[Result "1-0"]
[WhiteElo "2263"]
[BlackElo "2126"]
[PlyCount "81"]
[EventDate "2012.03.02"]
[EventType "swiss"]
[EventRounds "11"]
[EventCountry "TUR"]
[Source "lmi"]
[SourceDate "2012.03.02"]

1. c4 Nf6 2. Nc3 g6 3. g3 Bg7 4. Bg2 O-O 5. e4 e5 6. Nge2 d6 7. d3 c6 8. h3 Na6
9. O-O Nc5 10. b4 Ne6 11. Rb1 a6 12. a4 h6 13. Be3 Kh7 14. a5 Nd7 15. f4 Nc7
16. d4 exf4 17. gxf4 Ne8 18. e5 Rb8 19. Ne4 Qe7 20. Bf2 f6 21. exd6 Nxd6 22.
Nxd6 Qxd6 23. f5 Qe7 24. fxg6+ Kh8 25. Nf4 f5 26. Re1 Qd6 27. Ne6 Rg8 28. c5
Qe7 29. h4 Nf6 30. Ng5 Bf8 31. Rxe7 Bxe7 32. Qe2 Re8 33. Nf7+ Kg7 34. Ne5 Bf8
35. h5 Be6 36. Bh4 Nd5 37. Qf2 Nc3 38. Re1 Nb5 39. d5 cxd5 40. Nd3 Kg8 41. Rxe6
1-0

[Event "Europa ch 2012 femenino"]
[Site "Gaziantep TUR"]
[Date "2012.03.11"]
[Round "9.22"]
[White "Sandu, Mihaela"]
[Black "Bezgodova, Svetlana"]
[Result "1-0"]
[WhiteElo "2253"]
[BlackElo "2109"]
[PlyCount "87"]
[EventDate "2012.03.02"]
[EventType "swiss"]
[EventRounds "11"]
[EventCountry "TUR"]
[Source "lmi"]
[SourceDate "2012.03.02"]

1. e4 d5 2. exd5 Nf6 3. Nf3 Nxd5 4. c4 Nb6 5. d4 g6 6. c5 Nd5 7. Bc4 Bg7 8. Nc3
c6 9. O-O O-O 10. Re1 e6 11. Bg5 Qc7 12. Qd2 b6 13. Bxd5 cxd5 14. Bf4 Qb7 15.
b4 bxc5 16. bxc5 Qa6 17. Rab1 Bd7 18. Bd6 Rd8 19. Ne5 Be8 20. Be7 Rc8 21. Ng4
Nd7 22. Bd6 h5 23. Ne5 Nf6 24. Qf4 Qa5 25. Re3 Ne4 26. Nxe4 dxe4 27. Re2 f6 28.
Rb7 Qa4 29. Rd2 Qa3 30. Rd1 e3 31. fxe3 g5 32. Qf2 f5 33. h4 f4 34. exf4 g4 35.
f5 Bh6 36. Nd3 Qa4 37. Qe2 Qc4 38. Qxe6+ Qxe6 39. fxe6 Be3+ 40. Nf2 g3 41. Bxg3
Rd8 42. Be5 Bh6 43. Ne4 Bg6 44. Nf6+ 1-0

[Event "Europa ch 2012 femenino"]
[Site "Gaziantep TUR"]
[Date "2012.03.11"]
[Round "9.23"]
[White "Savina, Anastasia"]
[Black "Mareckova, Martina"]
[Result "1-0"]
[WhiteElo "2325"]
[BlackElo "2114"]
[PlyCount "79"]
[EventDate "2012.03.02"]
[EventType "swiss"]
[EventRounds "11"]
[EventCountry "TUR"]
[Source "lmi"]
[SourceDate "2012.03.02"]

1. d4 Nf6 2. c4 g6 3. Nc3 Bg7 4. e4 d6 5. Nf3 O-O 6. h3 e5 7. d5 Nbd7 8. Bg5 h6
9. Be3 Nc5 10. Nd2 a5 11. Be2 Ne8 12. g4 f5 13. exf5 gxf5 14. Rg1 f4 15. Bxc5
dxc5 16. Nce4 Nd6 17. Qc2 Qe7 18. O-O-O f3 19. Bd3 Kh8 20. Rg3 a4 21. a3 Rb8
22. Nxf3 b5 23. Nfd2 Rf4 24. cxb5 Nxb5 25. Bxb5 Rxb5 26. Qxa4 Bd7 27. Qc2 Qf7
28. Rc3 Qxd5 29. Nxc5 Rd4 30. Nxd7 Qxd7 31. Rxc7 Qd6 32. Rc8+ Bf8 33. Nc4 Qf6
34. Qf5 Qxf5 35. gxf5 Rxd1+ 36. Kxd1 Kg7 37. Re8 Rd5+ 38. Kc2 Rc5 39. Kd3 Rd5+
40. Kc3 1-0

[Event "Europa ch 2012 femenino"]
[Site "Gaziantep TUR"]
[Date "2012.03.11"]
[Round "9.26"]
[White "De Seroux, Camille"]
[Black "Abdulla, Khayala"]
[Result "0-1"]
[WhiteElo "2122"]
[BlackElo "2246"]
[PlyCount "72"]
[EventDate "2012.03.02"]
[EventType "swiss"]
[EventRounds "11"]
[EventCountry "TUR"]
[Source "lmi"]
[SourceDate "2012.03.02"]

1. e4 c5 2. Nf3 e6 3. d4 cxd4 4. Nxd4 a6 5. Bd3 Bc5 6. Nb3 Be7 7. O-O d6 8. Nc3
Nf6 9. f4 Nc6 10. Kh1 O-O 11. Qf3 Qc7 12. Bd2 b5 13. Rae1 Bb7 14. Qh3 Rad8 15.
Ne2 e5 16. Nc3 Qd7 17. f5 Nb4 18. g4 d5 19. g5 Nxe4 20. Nxe4 dxe4 21. Bxe4 Nxc2
22. Re2 Bxe4+ 23. Rxe4 f6 24. g6 hxg6 25. Rh4 Qc6+ 26. Kg1 Bc5+ 27. Nxc5 Qxc5+
28. Rf2 Rxd2 29. Rh8+ Kf7 30. Qb3+ Rd5 31. fxg6+ Kxg6 32. Rxf8 Rd1+ 33. Kg2
Ne1+ 34. Kh3 Rd3+ 35. Qxd3+ Nxd3 36. Rg2+ Kh7 0-1

[Event "Europa ch 2012 femenino"]
[Site "Gaziantep TUR"]
[Date "2012.03.11"]
[Round "9.27"]
[White "Menzi, Nezihe Ezgi"]
[Black "Hairapetian, Anna"]
[Result "1-0"]
[WhiteElo "1902"]
[BlackElo "2227"]
[PlyCount "101"]
[EventDate "2012.03.02"]
[EventType "swiss"]
[EventRounds "11"]
[EventCountry "TUR"]
[Source "lmi"]
[SourceDate "2012.03.02"]

1. e4 c5 2. Nf3 Nc6 3. d4 cxd4 4. Nxd4 e5 5. Nb5 d6 6. N1c3 a6 7. Na3 b5 8. Nd5
Be6 9. c4 b4 10. Nc2 Rb8 11. Be2 Be7 12. O-O Nf6 13. f3 O-O 14. Nce3 Nd4 15.
Nxe7+ Qxe7 16. Nd5 Nxd5 17. exd5 Bd7 18. Be3 Nf5 19. Bf2 Nh4 20. Bd3 Qg5 21.
Bg3 f5 22. Qc2 Ng6 23. Kh1 f4 24. Bf2 Rbc8 25. c5 dxc5 26. Bxc5 Nh4 27. Rf2 Nf5
28. Bxa6 Ne3 29. Qc1 Rc7 30. d6 Rc6 31. Bb5 Rfc8 32. Bxc6 Rxc6 33. a3 e4 34.
axb4 exf3 35. Ra8+ Kf7 36. gxf3 Qh4 37. Qd2 Qg5 38. Ra7 Ke8 39. Qd4 Kd8 40. Qe4
Kc8 41. Ra8+ Kb7 42. Ra7+ Kc8 43. Qe7 Qf5 44. Qxg7 Qb1+ 45. Qg1 Qxg1+ 46. Kxg1
Kd8 47. Ra8+ Bc8 48. Rd2 Kd7 49. Ra7+ Kd8 50. d7 Rg6+ 51. Kh1 1-0